The joy of research / (Record no. 177255)

MARC details
000 -LEADER
fixed length control field 00727nam a22002057a 4500
005 - DATE AND TIME OF LATEST TRANSACTION
control field 20210216144150.0
010 ## - LCCN (DPL NO)
LC control number B-736887
020 ## - INTERNATIONAL STANDARD BOOK NUMBER
International Standard Book Number 9789383656882
Terms of availability 250.00
035 ## - SYSTEM CONTROL NUMBER
System control number B-736887
037 ## - SOURCE OF ACQUISITION
Source of stock number/acquisition Gift/Eng/03-02-2021
082 ## - DEWEY DECIMAL CLASSIFICATION NUMBER
Classification number 001.4
100 ## - MAIN ENTRY--PERSONAL NAME
Personal name Balaji, C.
245 ## - TITLE STATEMENT
Title The joy of research /
Statement of responsibility, etc by C. Balaji
260 ## - PUBLICATION, DISTRIBUTION, ETC. (IMPRINT)
Place of publication, distribution, etc New Delhi
Name of publisher, distributor, etc Ane Books
Date of publication, distribution, etc 2015
270 ## - ADDRESS
Address 4821, Parwana Bhawan, 1st Floor, 24 Ansari Road, Daryaganj
City New Delhi
Postal code 110002
300 ## - PHYSICAL DESCRIPTION
Extent viii, 185p.:
Other physical details ill.
Dimensions 22cm(pbk)
500 ## - GENERAL NOTE
General note include references
942 ## - ADDED ENTRY ELEMENTS (KOHA)
Source of classification or shelving scheme Dewey Decimal Classification
Item type English Books
Call number suffix BAL
Classification part 001.4
Holdings
Withdrawn status Lost status Not for loan Collection code Home library Current library Date acquired Source of acquisition Cost, normal purchase price Full call number Barcode Copy number Cost, replacement price Koha item type
      Non-fiction Central Library Central Library 16/02/2021 Gift/Eng/03-02-2021 250.00 001.4 BAL B-736887 1 250.00 English Books

© Delhi Public Library
Hit Counter
free hit counter